000 01937nam a2200265Ia 4500
003 Ost
005 20260507075447.0
008 260507s9999||||xx |||||||||||||| ||und||
020 _a13372499579
040 _cfsecg
041 _aara
082 _a510.1
100 _aدار سلامة، خلود علي
_eمؤلف
245 0 _aالرياضيات الحديثة :
_bالمجموعات وطرق العد،الاخطاء،التوزيعات التكرارية الدوال والنهايات والاستمرار،الاقتران الاسي واللوغارتم /
_c خلود علي دار سلامة
260 _aعمان:
_bدار صفاء,
_c2008
300 _a295 صفحة؛
_bإيضاحات ؛
_c24 سم
504 _aيبليوغرافيا ص.295
520 _aمنذ القدم والرياضيات تعرف بأم العلوم وأطلقوا عليها أسماء كثيرة مثل ملكة العلوم وقيصرة العلوم إلى آخره من الأسماءالتي تبرز دور الرياضيات وأهميتها وأنطلاقا من الأهمية البالغة لهذا العلم الذي يدخل في جميع مناحي الحياة وإن هذه المادة هي متتطلب أجباري لمعظم التخصصات في الجامعات والكليات فقد ضم هذا الكتاب في طياته فصو رئيسية تناولت المواضيع التالية : المجموعات وطرق العد.-الاخطاء.-التوزيعات التكرارية.-الدوال والنهايات والاستمرار.-الاقتران الاسي واللوغارتم.-العلاقات والاقترانات.-اقترانات كتيرة الحدود.-تحويلات لا بلاس
653 _aاقتران الاسي
653 _aاقتران لوغارتم
653 _aالمجموعات
653 _aتوزيعات تكرارية
653 _ahgرياضيات
942 _cكتاب
999 _c44593
_d44593